<?xml version="1.0" encoding="UTF-8"?>
<record
    xmlns:xsi="http://www.w3.org/2001/XMLSchema-instance"
    xsi:schemaLocation="http://www.loc.gov/MARC21/slim http://www.loc.gov/standards/marcxml/schema/MARC21slim.xsd"
    xmlns="http://www.loc.gov/MARC21/slim">

  <leader>00655nam a2200217Ia 4500</leader>
  <controlfield tag="008">200901s9999||||xx |||||||||||||| ||und||</controlfield>
  <datafield tag="020" ind1=" " ind2=" ">
    <subfield code="a">0941598373</subfield>
  </datafield>
  <datafield tag="041" ind1=" " ind2=" ">
    <subfield code="a">chi</subfield>
    <subfield code="h">eng</subfield>
  </datafield>
  <datafield tag="050" ind1=" " ind2=" ">
    <subfield code="a">BS571 </subfield>
    <subfield code="b">.M49 1987-</subfield>
  </datafield>
  <datafield tag="100" ind1=" " ind2=" ">
    <subfield code="a">Meyer, Frederick Brotherton</subfield>
  </datafield>
  <datafield tag="245" ind1=" " ind2="0">
    <subfield code="a">&#x96C5;&#x5404;:</subfield>
    <subfield code="b">&#x795E;&#x7684;&#x738B;&#x5B50;&#x4EE5;&#x8272;&#x5217;</subfield>
    <subfield code="c">&#x9081;&#x723E; ( Frederick Brotherton Meyer) &#x8457;; &#x937E;&#x8D8A;&#x5A1C;&#x8B6F;</subfield>
  </datafield>
  <datafield tag="246" ind1=" " ind2=" ">
    <subfield code="a">&#x96C5;&#x5404;:</subfield>
    <subfield code="b">&#x795E;&#x7684;&#x738B;&#x5B50;&#x4EE5;&#x8272;&#x5217;/</subfield>
  </datafield>
  <datafield tag="260" ind1=" " ind2=" ">
    <subfield code="a">&#x9999;&#x6E2F;:</subfield>
    <subfield code="b">&#x7F8E;&#x570B;&#x6D3B;&#x6CC9;&#x51FA;&#x7248;,</subfield>
    <subfield code="c">1987</subfield>
  </datafield>
  <datafield tag="300" ind1=" " ind2=" ">
    <subfield code="a">iv, 158 p. 18 cm.</subfield>
    <subfield code="b">;</subfield>
    <subfield code="c">18 cm.</subfield>
  </datafield>
  <datafield tag="490" ind1=" " ind2=" ">
    <subfield code="a">&#x9081;&#x723E;&#x8056;&#x7D93;&#x4EBA;&#x7269;&#x50B3;</subfield>
  </datafield>
  <datafield tag="650" ind1=" " ind2=" ">
    <subfield code="a">Jacob (Biblical patriarch).</subfield>
  </datafield>
  <datafield tag="700" ind1=" " ind2=" ">
    <subfield code="a">&#x9081;&#x723E;</subfield>
  </datafield>
  <datafield tag="700" ind1=" " ind2=" ">
    <subfield code="a">&#x937E;&#x8D8A;&#x5A1C;</subfield>
  </datafield>
  <datafield tag="949" ind1=" " ind2=" ">
    <subfield code="v">v.2</subfield>
  </datafield>
  <datafield tag="952" ind1=" " ind2=" ">
    <subfield code="0">0</subfield>
    <subfield code="1">0</subfield>
    <subfield code="4">0</subfield>
    <subfield code="7">0</subfield>
    <subfield code="a">GETS</subfield>
    <subfield code="b">GETS</subfield>
    <subfield code="c">GEN</subfield>
    <subfield code="d">2020-09-01</subfield>
    <subfield code="l">1</subfield>
    <subfield code="o">BS571.M49 1987- v.2</subfield>
    <subfield code="p">00014063</subfield>
    <subfield code="r">2023-07-14 00:00:00</subfield>
    <subfield code="s">2023-06-16</subfield>
    <subfield code="w">2020-09-01</subfield>
    <subfield code="y">CB</subfield>
  </datafield>
  <datafield tag="999" ind1=" " ind2=" ">
    <subfield code="c">26883</subfield>
    <subfield code="d">26883</subfield>
  </datafield>
</record>
